000 00918nac a22003017a 4500
001 BR7311092
003 BR-BrBNA
005 20240105113630.0
008 230509b bl.|||m| |||| 00| 0 por d
040 _aBR-BrBNA
_bpor
_cBiblioteca Nacional de Agricultura
072 _aE15; E10; E70
090 _a9320 BR7311092
110 1 _aInstituto do Acucar e do Alcool, Rio de Janeiro, GB (Brasil)
_96295
245 1 _aRelatorio 1972 [Instituto do Acucar e do Alcool, Brasil]
260 3 _aRio de Janeiro, GB (Brasil):
_c1973.
300 _a28 p.
490 _aRelatorio - Instituto do Acucar e do Alcool (Brazil)
_v
_x
500 _a10 illus.
650 _aALCOOL
650 _aACUCAR
650 _aESTATISTICA DE PRODUCAO
650 _aMERCADO NACIONAL
650 _aEXPORTACAO
650 _aRECEITA
650 _aINVESTIMENTO
909 _a202312
_bLúcia Elande
_c55
_dLúcia Elande
942 _2AGRIS
_n0
_cMS
999 _c264734
_d264734